000 00827cab a2200169 4500
001 L130846
008 050906n2005 000 0 eng u
035 _a(Sirsi) u130846
041 0 _aeng
100 1 _aChapman, Parke
245 0 0 _aResidential rebound
260 _c2005
490 0 0 _aNational Real Estate Investor
_v47(8) August 2005, 30-33(4)
520 _aDiscusses the resurgence of the residential market in downtown Manhattan following 9/11. There is a projected rise in the residential population at the expense of commercial tenants. This change was already happening, but the events of 9/11 have sped things up. Includes table of key facts about the New York market, including vacancy rates. Also mentions retail in the area.
690 _aPROPERTY-RESIDENTIAL PROPERTY-RESIDENTIAL PROPERTY MARKET
942 _n0
999 _c75830
_d75830